[Event "AUTO-OPEN-1804"]
[Site "http://www.queenalice.com/game.php?id=700200"]
[Date "2009.12.19"]
[Round "1"]
[White "dilbert"]
[Black "maurice91"]
[Result "1-0"]
[WhiteElo "1793"]
[BlackElo "1703"]

1. e4 a6 2. d4 e6 3. Nf3 b5 4. a4 c6 5. axb5 cxb5 6. Bxb5 Bb7 7. Bd3 Nf6 8. e5
Nd5 9. O-O Be7 10. Be4 Ne3 11. Bxe3 Bxe4 12. Nfd2 Bb7 13. Qg4 O-O 14. Bh6 g6 15.
Bxf8 Bxf8 16. c4 Nc6 17. Qf4 Be7 18. Nf3 Kg7 19. Nc3 h6 20. d5 Nb4 21. d6 Bg5
22. Nxg5 hxg5 23. Qd2 a5 24. b3 Qb6 25. Qxg5 Rh8 26. Na4 Qd8 27. Qxd8 Rxd8 28.
Nc5 Bc6 29. Rxa5 Nc2 30. Rb1 Nd4 31. b4 Rb8 32. b5 Nf5 33. Rd1 Ba8 34. Nxd7 Rd8
35. Nf6 Nh4 36. c5 Bxg2 37. c6 Bf3 38. c7 Rc8 39. d7 Rxc7 40. d8=Q 1-0

[Event "AUTO-OPEN-1804"]
[Site "http://www.queenalice.com/game.php?id=700201"]
[Date "2009.12.19"]
[Round "1"]
[White "maurice91"]
[Black "dilbert"]
[Result "0-1"]
[WhiteElo "1732"]
[BlackElo "1763"]

1. c4 Nf6 2. d4 e6 3. Nc3 Bb4 4. Bd2 d5 5. e3 c5 6. Nf3 O-O 7. cxd5 cxd4 8. exd4
exd5 9. Be2 Nc6 10. O-O Re8 11. Bd3 Bg4 12. Be2 Bxf3 13. Bxf3 Nxd4 14. Bf4 Bxc3
15. bxc3 Nxf3+ 16. Qxf3 Qa5 17. Bg5 Ne4 18. Bh4 Nd2 19. Qg3 Nxf1 20. Kxf1 Qb5+
21. Kg1 Re6 22. Qf3 Rae8 23. h3 Qb2 24. Rf1 Qxa2 25. Qf5 Qc4 26. Bg3 Qxf1+ 27.
Kxf1 Re1# 0-1

[Event "AUTO-OPEN-1991"]
[Site "http://www.queenalice.com/game.php?id=781778"]
[Date "2010.5.27"]
[Round "1"]
[White "dilbert"]
[Black "JeanBart"]
[Result "0-1"]
[WhiteElo "1958"]
[BlackElo "2231"]

1. e4 c5 2. Nf3 d6 3. d4 cxd4 4. Nxd4 Nf6 5. Nc3 g6 6. Be3 Bg7 7. f3 O-O 8. Qd2
Nc6 9. O-O-O a6 10. Kb1 Nxd4 11. Bxd4 b5 12. g4 Bb7 13. g5 Nh5 14. Bxg7 Nxg7 15.
h4 b4 16. Nd5 Bxd5 17. exd5 Qb6 18. Bh3 f5 19. gxf6 Rxf6 20. h5 Nxh5 21. Qh6 Qd8
22. Be6+ Kh8 23. Bg4 Qe8 24. Rdg1 Qf8 0-1

[Event "AUTO-OPEN-1991"]
[Site "http://www.queenalice.com/game.php?id=781779"]
[Date "2010.5.27"]
[Round "1"]
[White "JeanBart"]
[Black "dilbert"]
[Result "1-0"]
[WhiteElo "2199"]
[BlackElo "1987"]

1. e4 e6 2. d4 d5 3. Nc3 Bb4 4. e5 c5 5. a3 Ba5 6. Nf3 Nc6 7. Bb5 Bd7 8. Bxc6
Bxc3+ 9. bxc3 Bxc6 10. O-O Ne7 11. Ng5 O-O 12. Re1 Qa5 13. Re3 h6 14. Rh3 Rfc8
15. Qd3 Nf5 16. Nf3 Bb5 17. Qd2 cxd4 18. Nxd4 Nxd4 19. Qxd4 Rc4 20. Qd2 Qc7 21.
Re3 1-0

[Event "AUTO-OPEN-1991"]
[Site "http://www.queenalice.com/game.php?id=781780"]
[Date "2010.5.27"]
[Round "1"]
[White "dilbert"]
[Black "Artking"]
[Result "0-1"]
[WhiteElo "1903"]
[BlackElo "2001"]

1. e4 c6 2. d4 d5 3. Nc3 dxe4 4. Nxe4 Bf5 5. Ng3 Bg6 6. h4 h6 7. Nf3 Nd7 8. h5
Bh7 9. Bd3 Bxd3 10. Qxd3 Ngf6 11. Bd2 e6 12. O-O-O a5 13. Kb1 b5 14. Ne4 Nd5 15.
Ne5 Nxe5 16. dxe5 Be7 17. c4 bxc4 18. Qxc4 Qc7 19. Bc3 Nxc3+ 20. Qxc3 O-O 21. f4
Rfb8 22. g4 Rb6 23. g5 hxg5 24. fxg5 Rab8 25. Rh2 a4 0-1

[Event "AUTO-OPEN-1991"]
[Site "http://www.queenalice.com/game.php?id=781781"]
[Date "2010.5.27"]
[Round "1"]
[White "Artking"]
[Black "dilbert"]
[Result "0-1"]
[WhiteElo "1982"]
[BlackElo "1963"]

1. e4 e6 2. d4 d5 3. Nd2 Nf6 4. e5 Nfd7 5. f4 c5 6. c3 Nc6 7. Ngf3 Be7 8. Bd3
Qb6 9. Nb3 c4 10. Bc2 cxb3 11. axb3 O-O 12. Qd3 f5 13. exf6 Nxf6 14. Ng5 Re8 15.
O-O h6 16. h4 hxg5 17. fxg5 Ne4 18. Be3 Bd7 19. Rf3 Rf8 20. Raf1 Rxf3 21. gxf3
Nb4 22. cxb4 Bb5 0-1

[Event "AUTO-OPEN-1991"]
[Site "http://www.queenalice.com/game.php?id=781782"]
[Date "2010.5.27"]
[Round "1"]
[White "dilbert"]
[Black "ries87"]
[Result "1-0"]
[WhiteElo "1983"]
[BlackElo "1449"]

1. e4 e5 2. f4 exf4 3. Nf3 g5 4. d4 c6 5. h4 f6 6. Bc4 d5 7. exd5 cxd5 8. Bb5+
Nc6 9. hxg5 fxg5 10. Ne5 Qe7 11. O-O a6 12. Bxc6+ bxc6 13. Qh5+ Kd8 14. Nxc6+
Kc7 15. Nxe7 Bxe7 16. Nc3 Nf6 17. Qxg5 Rg8 18. Qxf4+ Kd8 19. Qe5 Bb7 20. Bg5
Rxg5 21. Qxg5 Nd7 22. Qg7 Rc8 23. Rae1 Bf6 24. Rxf6 Rc6 25. Rxc6 Bxc6 26. Re7
1-0

[Event "AUTO-OPEN-1991"]
[Site "http://www.queenalice.com/game.php?id=781783"]
[Date "2010.5.27"]
[Round "1"]
[White "ries87"]
[Black "dilbert"]
[Result "0-1"]
[WhiteElo "1451"]
[BlackElo "1973"]

1. e4 e6 2. Nc3 d5 3. d3 d4 4. Nce2 e5 5. Nf3 Nc6 6. c3 Bg4 7. Qa4 Bxf3 8. gxf3
dxc3 9. bxc3 Qxd3 10. Bb2 Qxf3 11. Ng3 Bc5 12. Bb5 Qxf2+ 13. Kd1 O-O-O+ 14. Kc1
Be3+ 15. Kb1 Nge7 16. Rf1 Qxh2 17. Nf5 Nxf5 18. exf5 Ne7 19. Bc1 Bxc1 20. Qxa7
Qb2# 0-1

[Event "QA-ANNIV-06"]
[Site "http://www.queenalice.com/game.php?id=790963"]
[Date "2010.6.16"]
[Round "1"]
[White "dilbert"]
[Black "Veselin_Topalov"]
[Result "0-1"]
[WhiteElo "1975"]
[BlackElo "1984"]

1. e4 e6 2. d4 d5 3. Nd2 c5 4. exd5 exd5 5. Ngf3 Nc6 6. Bb5 Bd7 7. O-O Nf6 8.
Re1+ Be7 9. dxc5 O-O 10. Nb3 Rc8 11. Bf4 Be6 12. Ng5 Bf5 13. c3 h6 0-1

[Event "AUTO-OPEN-1795"]
[Site "http://www.queenalice.com/game.php?id=803852"]
[Date "2010.7.15"]
[Round "2"]
[White "Flashinho"]
[Black "dilbert"]
[Result "1-0"]
[WhiteElo "1894"]
[BlackElo "1953"]

1. d4 Nf6 2. c4 c5 3. d5 e6 4. Nc3 exd5 5. cxd5 d6 6. e4 g6 7. Be2 a6 8. Bg5 b5
9. Nf3 h6 10. Bxf6 Qxf6 11. O-O 1-0

[Event "AUTO-OPEN-1795"]
[Site "http://www.queenalice.com/game.php?id=803853"]
[Date "2010.7.15"]
[Round "2"]
[White "dilbert"]
[Black "Flashinho"]
[Result "0-1"]
[WhiteElo "1925"]
[BlackElo "1915"]

1. e4 d5 2. exd5 e6 3. Bb5+ Bd7 4. dxe6 Qe7 5. Bxd7+ Nxd7 6. Ne2 Qxe6 7. O-O
Ngf6 8. Nd4 Qd6 9. Re1+ Be7 10. Nf5 Qc5 11. Nxe7 Ne5 12. Qe2 Nfd7 0-1

[Event "AUTO-OPEN-1795"]
[Site "http://www.queenalice.com/game.php?id=803865"]
[Date "2010.7.15"]
[Round "2"]
[White "TheBigSid"]
[Black "dilbert"]
[Result "1-0"]
[WhiteElo "2143"]
[BlackElo "1933"]

1. d4 d5 2. c4 c6 3. e3 Bf5 4. Nc3 e6 5. Nf3 Nf6 6. Be2 dxc4 7. Bxc4 Nbd7 8. O-O
Be7 9. Qe2 Nb6 10. Bb3 O-O 11. e4 Bg4 12. Be3 1-0